| 000 | 00667nam a22001817a 4500 | ||
|---|---|---|---|
| 999 |
_c7872 _d7872 |
||
| 003 | AR-CdUCM | ||
| 008 | 190321b ||||| |||| 00| 0 esp d | ||
| 040 |
_aMUNICIPALIDAD PROVINCIAL DEL CUSCO _cBIBLIOTECA MUNICIPAL DEL CUSCO |
||
| 082 |
_a355.02 / _bB77 |
||
| 100 |
_aBouthoul, Gaston _96615 |
||
| 245 |
_aLa guerra / _cGaston Bouthoul |
||
| 260 |
_aBarcelona : _bOikos-Tau, _c1971. |
||
| 300 |
_a126 paginas ; _c17 cm. |
||
| 505 | _aHistoria de la idea de la guerra -- Características económicas de la guerra -- Aspectos demográficos de las guerras -- Los rasgos psicológicos de la guerra ... | ||
| 650 |
_aGuerra _91007 |
||
| 942 |
_2ddc _cLIBROS |
||
| 945 | _arcc | ||